01835cas a2200289u 45000010009000000050017000090080041000260100017000670220014000840350013000980400019001110430012001300500016001422450016001582500125001742600036002993000029003353100011003643620019003755050780003945250039011746500047012137800022012607800041012828560166013238560056014891057193520260223151321.0851203c18619999enkwu 0 0eng  a 54040727  a0017-4351 a10571935 aDLCcCarPdDLC ae-uk---00aHF5001b.G704aThe Grocer. aPhysical copies are available on the journal display stand. The first issue received in print is dated 14 February 2026. aLondonb[W. Reed, etc.]c[n.d.] av.bill., ports.c29 cm. aWeekly1 aBegan in 1861? aThe Grocer is a leading UK trade magazine covering the food and grocery industry. It provides news, market analysis, company reports, retail trends, product launches, supply chain developments, and industry data. It is widely used by professionals in retail, FMCG, food manufacturing, and distribution, and is a valuable source for research in areas such as: Retail strategy — Brand management — Consumer trends — Supply chain and logistics — Sustainability in food and grocery. Publication type: Trade journal: Coverage: United Kingdom (with international industry relevance) — Audience: Industry professionals, analysts, researchers. If you need access to specific articles or archive content, please contact the Library: biblioteca@tbs-education.es aSupplements accompany some issues. 0aGrocery tradezGreat BritainvPeriodicals.15tGrocery marketing15tConfectioner, tobacconist, newsagent uhttps://forms.office.com/e/9nxv3na4mnyPlease fill in this form if you require access to an article from the archive or if you are carrying out a subject search. uhttps://www.thegrocer.co.uk/yWebsite of The Grocer